000 00809nam a2200193Ia 4500
008 151121s9999||||xx |||||||||||||| ||und||
082 _a814/वळसं
082 _bHNW-24495
100 _aवळसंगकर कृ। ना।-अनु।
245 _aध्येयवादी विचारसरणींचे युग
260 _b"मॅजेस्टिक बुक स्टॉल, मुंबई।"
260 _c--
300 _a132
600 _aवळसंगकर कृ। ना।-अनु।
630 _aध्येयवादी विचारसरणींचे युग
700 _aवळसंगकर कृ। ना।-अनु।
730 _aध्येयवादी विचारसरणींचे युग
942 _cBOOK
999 _c1222613
_d1222610